| 000 | 04055cam a22013214i 4500 | ||
|---|---|---|---|
| 003 | PE-LiUPU | ||
| 005 | 20250813185615.0 | ||
| 008 | 150706s2011 sp a r 000 0 spa d | ||
| 020 | _a9788492735624 | ||
| 035 | _a(Sirsi) i9788492735624 | ||
| 040 |
_aPE-LiUPU _bspa _cPE-LiUPU _erda |
||
| 049 | _aPRUA | ||
| 082 | 0 | 4 |
_a363.11 _bA8 _221 |
| 245 | 0 | 1 |
_aAuditoría de los sistemas de prevención de riesgos laborales / _cJosé María Riveira Rico . [et al.] . |
| 250 | _a4a ed. | ||
| 264 | 1 |
_aMadrid : _bConfemetal, _c2011. |
|
| 300 |
_a216 páginas : _bilustraciones ; _c23 centímetros |
||
| 336 |
_atext _2rdacontent |
||
| 337 |
_aunmediated _2rdamedia |
||
| 338 |
_avolume _2rdacarrier |
||
| 500 | _aEn la cub.: Audelco, Auditoría de Riesgos Laborales . | ||
| 505 | 0 | _aLa auditoría reglamentaria del sistema de prevención de riesgos laborales -- El sistema de prevención de riesgos laborales -- Contenido de la auditoría -- Visión general del proceso de auditoría -- Preparación de la auditoría -- Realización de la auditoría -- El informe de auditoría. Estructura y contenido -- Actividades de seguimiento del resultado de la auditoría -- Ejemplos prácticos de auditoría. | |
| 526 | _aP202 | ||
| 526 | _aP201 | ||
| 526 | _aP163 | ||
| 526 | _aP162 | ||
| 526 | _aP161 | ||
| 526 | _aP160 | ||
| 526 | _aP148 | ||
| 526 | _aP147 | ||
| 526 | _aP146 | ||
| 526 | _aP145 | ||
| 526 | _aP144 | ||
| 526 | _aP143 | ||
| 526 | _aP142 | ||
| 526 | _aP141 | ||
| 526 | _aP140 | ||
| 526 | _aP139 | ||
| 526 | _aP138 | ||
| 526 | _aP137 | ||
| 526 | _aP136 | ||
| 526 | _aP135 | ||
| 526 | _aP134 | ||
| 526 | _aP133 | ||
| 526 | _aP129 | ||
| 526 | _aP128 | ||
| 526 | _aP127 | ||
| 526 | _aP120 | ||
| 526 | _aP119 | ||
| 526 | _aP118 | ||
| 526 | _aP116 | ||
| 526 | _aP115 | ||
| 526 | _aP114 | ||
| 526 | _aP110 | ||
| 526 | _aP109 | ||
| 526 | _aP108 | ||
| 526 | _aP104 | ||
| 526 | _aP103 | ||
| 526 | _aP102 | ||
| 526 | _aP99 | ||
| 526 | _aP98 | ||
| 526 | _aP97 | ||
| 526 | _aP96 | ||
| 526 | _aP95 | ||
| 526 | _aP93 | ||
| 526 | _aP90 | ||
| 526 | _aP89 | ||
| 526 | _aP88 | ||
| 526 | _aP83 | ||
| 526 | _aP82 | ||
| 526 | _aP62 | ||
| 526 | _aP59 | ||
| 526 | _aP58 | ||
| 526 | _aP57 | ||
| 526 | _aP51 | ||
| 526 | _aP49 | ||
| 526 | _aP48 | ||
| 526 | _aP47 | ||
| 526 | _aP29 | ||
| 526 | _aP24 | ||
| 526 | _aP20 | ||
| 526 | _aP19 | ||
| 526 | _aP17 | ||
| 526 | _aP15 | ||
| 526 | _aP14 | ||
| 526 | _aP12 | ||
| 526 | _aP10 | ||
| 526 | _aP09 | ||
| 526 | _aP08 | ||
| 526 | _aP07 | ||
| 526 | _aP06 | ||
| 526 | _aP05 | ||
| 526 | _aP04 | ||
| 526 | _aP01 | ||
| 541 | _g001-0036246; | ||
| 541 | _gF002-00002205; | ||
| 650 | 0 | 4 |
_aEnfermedades ocupacionales _xLegislación _zEspaña. |
| 650 | 0 | 4 |
_aAccidentes de trabajo _xLegislación _zEspaña. |
| 650 | 0 | 4 |
_aRiesgos profesionales _xAuditoría. |
| 650 | 0 | 4 |
_aRiesgos profesionales _xLegislación _zEspaña. |
| 650 | 0 | 4 |
_aSeguridad industrial _xLegislación _zEspaña. |
| 650 | 0 | 4 |
_aPrevención de riesgos laborales _xAuditoría. |
| 650 | 0 | 4 |
_aSeguridad en el trabajo _xDerecho y legislación _zEspaña. |
| 700 | 1 |
_aTarín Egoscozábal, Daniel, _eautor. |
|
| 910 |
_agl _bjv _clch _d20121025 |
||
| 942 |
_2ddc _cBOOK |
||
| 949 |
_a363.11 A8 _wDEWEY _c1 _i65647 _lCCODEBUL1 _mBUL _p44.00 _r0 _sY _tBOOK _u2015-7-6 _xINGENIERIA _PP24 _o.STAFF. Colección General |
||
| 949 |
_a363.11 A8 _wDEWEY _c1 _iFT04237 _lCCODEBUL1 _mBUT _p31.20 _r0 _sY _tBOOK _u2022-03-28 _xINGENIERIA _PP24 _o.STAFF. Colección General Tarapoto |
||
| 994 |
_aC0 _bPEPRU |
||
| 596 | _a1 2 | ||
| 999 |
_a363.11 A8 _wDEWEY _c54091 _i65647 _f2021-11-5 _g6 _lCCODEBUL1 _mBUL _p44.00 _r0 _sY _tBOOK _u2015-7-6 _xBIBLIOTECA _PP24 _o.STAFF. Colección General _d54091 |
||
| 999 |
_a363.11 A8 _wDEWEY _c1 _iFT04237 _lCCODEBUT1 _mBUT _p31.20 _r0 _sY _tBOOK _u2022-3-28 _xINGENIERIA _PP24 _0COMPRA _1FCOMPR4 |
||
| 980 |
_81 _gALBERTO SANCHEZ Responsable de Automatización |
||